Monkey Island Games - Statistics

General Stats
  • This quiz has been taken 23 times
  • The average score is 6 of 8
Answer Stats
Release Year Game % Correct
1990 The Secret of Monkey Island
95%
2022 Return to Monkey Island
84%
1997 The Curse of Monkey Island
84%
2000 Escape from Monkey Island
79%
1991 Monkey Island 2: LeChuck's Revenge
79%
2009 Tales of Monkey Island
63%
2010 Monkey Island 2: LeChuck's Revenge: Special Edition
47%
2009 The Secret of Monkey Island: Special Edition
47%
No matching quizzes found
Score Distribution
Percent of People with Each Score
Percentile by Number Answered
Your Score History
You have not taken this quiz